Witcher Locations Map Quiz - Statistics

General Stats
  • This quiz has been taken 957 times
  • The average score is 12 of 39
Answers on the Map
Answers color-coded by a green-red scale on the quiz's map according to % correct below.
 
Answer Stats
Answer % Correct
Novigrad
68%
Kaer Morhen
64%
Oxenfurt
62%
Kaer Trolde
59%
Cintra
53%
Vizima
52%
Lyria
47%
Nilfgaard
45%
Vengerberg
44%
Rivia
40%
Tretogor
40%
Beauclair
38%
Cidaris
38%
Gors Velen
37%
Hengfors
35%
Ard Carraigh
34%
Pont Vanis
33%
Lan Exeter
32%
Brugge
29%
Ban Ard
28%
Mount Carbon
28%
Blaviken
27%
Loc Muinne
27%
Maribor
25%
Ellander
23%
Attre
20%
Bremervoord
17%
Duén Canell
17%
Metinna
15%
Montecalvo
14%
Stygga Castle
14%
Aedd Gynvael
13%
Crinfrid
13%
Rozrog
13%
Darn Rowan
12%
Dillingen
11%
Loc Grim
9%
Assengard
7%
Belhaven
7%
No matching quizzes found
Score Distribution
Percent of People with Each Score
Percentile by Number Answered
Your Score History
You have not taken this quiz